Регионална библиотека "Любен Каравелов" - Русе

Код Цезар (Запис номер 7501)

MARC детайли
000 -Лидер
Контролно поле с фиксирана дължина 01169nam a2200301 c 4500
003 - Код на организацията, давaща контролен номер
Контролно поле BLK
005 - Дата и час на последна редакция
Контролно поле 20180420214228.0
008 - Елементи от данни с фиксирана дължина
fixed length control field 180412b bul|||||r ||||||| ||bul||
010 ## - Наследен системен номер
LC control number KNG00008813000
040 ## - Източник на каталожния запис
Идентификатор на билиотеката - собственик на записа BLK
041 ## - Код за език
Код за езика на текст/звукозапис или на отделно заглавие Български
Код за езика КДБФ Български
080 ## - УДК
Текстов определител УДК Австрийска литература
УДК код - определител по УДК 821.112(436)
УДК определител -312.4
УДК - код + определител 821.112(436)-312.4
100 1# - Редна дума - Автор
Автор Зимел, Йоханес Марио
Авторска отговорност първи автор
R(LIN) 252639
139 ## - Редно поле
Редна дума Зимел, Йоханес Марио
Авторски знак Зим - З 64
245 10 - Сведения за заглавието
Заглавие Код Цезар
Подзаглавни данни Кримин. роман
Редно поле (дума) Йоханес Марио Зимел; прев. от нем. Нона Тонева-Радева.
257 ## - Страна на издаване
Страна на създаване/издаване Австралия
260 ## - Област на издателските данни
-- София
Име на издателя, разпространителя и проч. Едем 21
Година на издаване 1995
300 ## - Физическа характеристика
Страници 480 с.
Размери/Мащаб 20 см
380 ## - Жанр
Жанр Худож. лит.
490 1# - СЕРИИ (Колекции)
Име на серия Избрани трилъри
500 ## - Общи забележки
Забележка Ориг. загл. Und Jimmy Ging zum Regenbogen / Johannes Mario Simmel. - Офс. изд. - 3 100 тир.
700 1# - Други автори (авторска отговорност)
Лично име Тонева-Радева, Нона
Автороска отговорност (Описва отношението между автора и произведението) прев. от нем.
9 (RLIN) 252640
852 ## - Местоположение
Форматна сигнатура Цб 183864
856 4# - Електронен адрес и достъп
Електронен формат pdf - файл
Път до файла /url/
856 4# - Електронен адрес и достъп
Електронен формат pdf - файл
Път до файла /url/
942 ## - АРТИКУЛИ
Вид на библиотечния материал Книги
Скрит в OPAC Не
944 ## - СЪЗДАВАНЕ И РЕДАКЦИЯ на ЗАПИСА
Създаване/Редакция Създаване
Дата на регистрацията/редакция 15.01.2003
Служител, извършил регистрацията/редакцията Наталия_Медовщикова
944 ## - СЪЗДАВАНЕ И РЕДАКЦИЯ на ЗАПИСА
Създаване/Редакция Редакция
Дата на регистрацията/редакция 04.11.2005
Служител, извършил регистрацията/редакцията
999 ## - СИСТЕМНИ КОНТРОЛНИ НОМЕРА
Koha biblionumber 7501
Koha biblioitemnumber 7501
Наличности
Код за отписване Код за изгубен артикул Източник на класификационната схема Код за повреда Коз за рестрикции Код за отдаване Артикулен № Име на библиотеката - собственик Име на библиотеката, в която се намира в момента Статус (Текущо местоположение) Дата на вписване в системата Местоположение - отдел Цена в лева Инвентарен номер Систематично азбучна сигнатура Баркод Номер на екземпляра Цена в евро Служебна бележка Служебен тип на артикула
Изтеглен Не е изгубен Universal Decimal Classification Не е повреден без рестрикции заемане за дома 12940 Регионална библиотека "Любен Каравелов" Русе Регионална библиотека "Любен Каравелов" Русе Заемна - подръчен фонд 2001-01-01 Заемна - подръчен фонд 160.00 614997 П 830-31/З 64 614997 1 81.81 Дост: Pk Вид: Ф N: стар фонд Дата: 01.01.1995 Дата инв: 12.02.2018 Бележки инв: П2018 Книги
Изтеглен Не е изгубен Universal Decimal Classification Не е повреден без рестрикции заемане за дома 12941 Регионална библиотека "Любен Каравелов" Русе Регионална библиотека "Любен Каравелов" Русе Заемна - подръчен фонд 2001-01-01 Заемна - подръчен фонд 1.44 614999 П 830-31/З 64 614999 2 0.74 Дост: Pk Вид: Ф N: стар фонд Дата: 01.01.1995 Книги
Изтеглен Не е изгубен Universal Decimal Classification Не е повреден без рестрикции заемане за дома 12942 Регионална библиотека "Любен Каравелов" Русе Регионална библиотека "Любен Каравелов" Русе Заемна - подръчен фонд 2005-07-05 Заемна - подръчен фонд 7.00 120000695239 П 830-31/З 64 120000695239 3 3.58 Дост: DA Вид: А N: 18 Дата: 04.07.2005 Дата инв: 12.02.2018 Бележки инв: П2018 Книги
  Не е изгубен Universal Decimal Classification Не е повреден без рестрикции ползва се в читалня 12943 Регионална библиотека "Любен Каравелов" Русе Регионална библиотека "Любен Каравелов" Русе Хранилище 1995-01-01 Хранилище 1.44 615669 Цб 183864 120000615669 4 0.74 Дост: Dp Вид: Д N: 37 Дата: 01.01.1995 Дата инв: 11.09.2014 Бележки инв: Цб2014 Книги
Vip Innovations Ltd, Rousse, Bulgaria 2025